| 000 | 00347nam a22001457a 4500 | ||
|---|---|---|---|
| 003 | SGT | ||
| 082 |
_a617.645 _bD21T |
||
| 100 | _aTomar, Megha | ||
| 245 | _a3-Dimensional Printing in Periodontics | ||
| 260 |
_aGurugram, Haryana _bSGT University _c2021 |
||
| 300 | _a140 | ||
| 650 | _aPeriodontology | ||
| 653 | _aPeriodontology | ||
| 942 |
_2ddc _cTH |
||
| 999 |
_c23635 _d23635 |
||